[Event "ZN-2013-0-02508"]
[Site "LSS email"]
[Date "2013.12.06"]
[Round "?"]
[White "Venturas, Bob"]
[Black "Huseby, Nahuel"]
[Result "1-0"]
[WhiteElo "711"]
[BlackElo "809"]
[PlyCount "59"]
[EventDate "2013.12.01"]
[EventType "match (corr)"]
[EventRounds "2"]
[EventCountry "GER"]
[SourceTitle "Telechess CBM 167"]
[Source "ChessBase"]
[SourceDate "2015.07.13"]
[SourceVersion "1"]
[SourceVersionDate "2015.07.13"]
[SourceQuality "1"]

1. d4 d5 2. c4 dxc4 3. Qa4+ Nc6 4. Nf3 Bd7 5. Qxc4 Nf6 6. Nc3 Bg4 7. e3 e6 8. Be2 h5 9. h3 Bf5 10. 0-0 Rh6 11. e4 Bxh3 12. Bxh6 gxh6 13. gxh3 Bb4 14. a3 Bxc3 15. bxc3 Nxe4 16. Rad1 Qe7 17. d5 exd5 18. Rxd5 f5 19. Bd3 Rd8 20. Rxd8+ Qxd8 21. Re1 Qe7 22. Bxe4 fxe4 23. Rxe4 Na5 24. Rxe7+ Kxe7 25. Qb4+ Kd7 26. Qxa5 b6 27. Qxh5 c5 28. Qd5+ Kc7 29. Ne5 a5 30. Qc6+ 1-0

[Event "BI-2012-P-00011"]
[Site "LSS email"]
[Date "2012.04.20"]
[Round "?"]
[White "Huseby, Nahuel"]
[Black "Caldwell, Justin"]
[Result "0-1"]
[WhiteElo "847"]
[BlackElo "2063"]
[PlyCount "44"]
[EventDate "2012.04.22"]
[EventType "tourn (corr)"]
[EventRounds "10"]
[EventCountry "GER"]
[SourceTitle "Telechess CBM 165"]
[Source "ChessBase"]
[SourceDate "2015.03.11"]
[SourceVersion "1"]
[SourceVersionDate "2015.03.11"]
[SourceQuality "1"]

1. e4 e5 2. Nf3 Nc6 3. Bb5 Nf6 4. d4 exd4 5. Na3 Bxa3 6. Bg5 Bxb2 7. Rb1 Bc3+ 8. Nd2 h6 9. Bxf6 Qxf6 10. 0-0 0-0 11. Nf3 Re8 12. Qe2 d5 13. Bd3 Bg4 14. Rxb7 Ne5 15. Rxc7 Nxf3+ 16. gxf3 Bxf3 17. Qxf3 Qxf3 18. Rb1 Qg4+ 19. Kf1 Qh3+ 20. Ke2 dxe4 21. Rbb7 exd3+ 22. Kd1 Re1# 0-1

[Event "OP-2012-0-02129"]
[Site "LSS email"]
[Date "2012.03.30"]
[Round "?"]
[White "Hoehne, Volkmar"]
[Black "Huseby, Nahuel"]
[Result "1-0"]
[WhiteElo "1505"]
[BlackElo "848"]
[PlyCount "45"]
[EventDate "2012.03.26"]
[EventType "tourn (corr)"]
[EventRounds "4"]
[EventCountry "GER"]
[SourceTitle "Telechess CBM 155"]
[Source "ChessBase"]
[SourceDate "2013.07.16"]
[SourceVersion "1"]
[SourceVersionDate "2013.07.16"]
[SourceQuality "1"]

1. e4 Nc6 2. d4 e5 3. Nf3 d6 4. Bb5 a6 5. Bxc6+ bxc6 6. dxe5 c5 7. 0-0 f6 8. exf6 gxf6 9. Nh4 Nh6 10. Bxh6 Bxh6 11. Qh5+ Kd7 12. Qxh6 Qg8 13. Qxf6 Kc6 14. Nc3 Bh3 15. Nd5 Re8 16. Rfe1 Bxg2 17. Nxg2 Qg6 18. Qxh8 Rxe4 19. Qa8+ Kd7 20. Rxe4 Qe6 21. Nf6+ Ke7 22. Qe8+ Kxf6 23. Qxe6+ 1-0